000 00577nam a2200181Ia 4500
008 151018s9999 xx 000 0 und d
082 _bRBASDV50751
_a891.432
100 _aमदनलाल शर्मा
245 _aलमहोने खता कि
250 _b1
260 _bकिरण प्रकाशन
_c2007
300 _a168
600 _aमदनलाल शर्मा
630 _aलमहोने खता कि
700 _aमदनलाल शर्मा
730 _aलमहोने खता कि
942 _cBOOK
999 _c1049707
_d1049704